MARC details
| 000 -CABECERA |
| campo de control de longitud fija |
01454nab a2200181 a 4500 |
| 005 - FECHA Y HORA DE LA ÚLTIMA TRANSACCIÓN |
| campo de control |
20250115092933.0 |
| 007 - CAMPO FIJO DE DESCRIPCIÓN FÍSICA--INFORMACIÓN GENERAL |
| campo de control de longitud fija |
ta |
| 008 - DATOS DE LONGITUD FIJA--INFORMACIÓN GENERAL |
| campo de control de longitud fija |
241018e2022 dr |||||r||||||0| |0spa d |
| 040 ## - FUENTE DE LA CATALOGACIÓN |
| Centro catalogador/agencia de origen |
DO-SdBNP |
| Centro/agencia transcriptor |
BNPHU |
| Normas de descripción |
rda |
| 041 ## - CÓDIGO DE LENGUA |
| Código de lengua original |
spa |
| 100 1# - ENTRADA PRINCIPAL--NOMBRE DE PERSONA |
| Nombre de persona |
Stanley, Avelino, |
| Fechas asociadas al nombre |
1959- |
| 9 (RLIN) |
1536 |
| 245 ## - MENCIÓN DE TÍTULO |
| Título |
Nadal Walcot : |
| Resto del título |
se desgarró el alma y la plasmó en sus lienzos / |
| Mención de responsabilidad, etc. |
Avelino Stanley. |
| 260 ## - PUBLICACIÓN, DISTRIBUCIÓN, ETC. |
| Lugar de publicación, distribución, etc. |
Santo Domingo, República Dominicana : |
| Nombre del editor, distribuidor, etc. |
Centro Cultural BanReservas, |
| Fecha de publicación, distribución, etc. |
2022. |
| 300 ## - DESCRIPCIÓN FÍSICA |
| Extensión |
página 35. |
| 520 ## - SUMARIO, ETC. |
| Sumario, etc. |
Nada marca al ser humano más que su cultura. Ese sentimiento es la luz que les permite a las personas mostrar la esencia de su ser. Fue la cultura la que logró sacar de sus adentros el mundo de formas y de colores que Nadal Walcot plasmó con sus trazos en cada lienzo.<br/>Nadie como Nadal Walcot ha logrado hacer que corra como agua en cauce de río las vicisitudes de los hombres y mujeres de los cañaverales dominicanos. Fue él quien colocó el sufrimiento estibado en infinitos vagones encadenados que luego eran remolcados en unas locomotoras desgaritadas sobre rieles relucientes lanzado un humo tan contaminante hacia las alturas que molestaba la respiración hasta del mismo Dios. |
| 773 0# - ENLACE AL DOCUMENTO FUENTE/ENTRADA DE REGISTRO ANFITRIÓN |
| Lugar, editor y fecha de publicación |
Santo Domingo, República Dominicana : Centro Cultural BanReservas, 2022. |
| Encabezamiento principal |
Stanley, Avelino |
| Título |
Nadal Walcot : se desgarró el alma y la plasmó en sus lienzos. |
| 942 ## - ELEMENTOS DE PUNTO DE ACCESO ADICIONAL (KOHA) |
| Fuente del sistema de clasificación o colocación |
Dewey Decimal Classification |
| Tipo de ítem Koha |
Publicación periódica |
| Parte de la signatura que corresponde a la clasificación (Parte de la clasificación) |
Edición 1. Enero 2022 |